Länder erraten mit einem Tipp - Statistiken

Allgemein
  • Dieses Quiz wurde 454 mal gespielt
  • Das Durchschnittsergebnis liegt bei 9 aus 12
Antwortstatistiken
Hint Antwort % Korrekt
bekannt für Pommes und Waffeln Belgien
83%
Nachbarland von Deutschland Polen
82%
Wolfgang Amadeus Mozart Österreich
81%
Schokolade Schweiz
81%
Wird durch einen Bundeskanzler regiert. Deutschland
79%
Mikrostaat in Italien San Marino
77%
Das Land mit den Bären Kanada
75%
Mikrostaat in Südafrika Lesotho
73%
In der Nationalmanschaft im Fussball spielte der Legendentorhüter Peter Cech. Tschechien
73%
MISTER BEAST USA
73%
grosse Insel Australien
71%
Flagge mit den Farben von Deutschland Uganda
51%
Keine übereinstimmenden Quizze gefunden
Verteilung der Resultate
Anzahl Personen mit jedem Resultat
Perzentil nach korrekt beantworteten Fragen
Ihre Resultats-Entwicklung
Sie haben dieses Quiz noch nicht gespielt